000 01716nam a2200337 i 4500
003 DO-SdBNP
005 20250527131430.0
007 ta
008 250425b2024 dr ac||| |||| 00| 0 eng d
020 _a9789945629484
040 _aDO-SdBNP
_bspa
_cBNPHU
_erda
041 _aspa
082 4 _a0
_bM665d
_222
100 1 _aMiniño Rodríguez, Josefina,
_d1940-
_eautor
_4aut.
_987539
245 1 0 _aDanza y coreografía, mi pasión /
_cJosefina Miniño ; editor, Mirian Veliz ; colabolador, Manuel Berigüete.
250 _aPrimera edición
264 4 _aSanto Domíngo :
_bBanco Central de la República Dominicana,
_c©2024.
300 _a229 páginas :
_bilustraciones, fotografías ;
_c23 cm.
336 _atexto
_btxt
_2rdacontent
337 _asin mediación
_bn
_2rdamedia
338 _avolumen
_bnc
_2rdacarrier
490 0 _aColección del Banco Central de la República Dominicana ;
_vvolumen 320
490 0 _aSerie arte y literatura ;
_vnúmero 122
500 _aIncluye datos biográficos de la autora en las solapas
505 _aAgradecimiento – Prólogo -- Introducción -- I. La Voz Dominicana se convierte en mi hogar -- II. Nueva York. Un paso crucial en mi vida -- III. Directora de la escuela de danza popular, folklórica y moderna en La Voz Dominicana-- IV. Fantástico Latino y mucho más -- V. Andanzas 1975-1985 -- VI. 27 años en la dirección del Ballet Folklórico Nacional -- VII. Josefina Miniño, la siembra independiente -- VIII. Valiosos reconocimientos impulsan mi labor.
590 _aInventariado, 2025 /LP
700 1 _aVeliz, Miriam,
_eeditor
_4ed.
_965358
700 1 _aBerigüete, Manuel,
_d1969-
_ecolaborador
_4colb.
_987540
910 _aLP
942 _2ddc
_cLBS1
999 _c58237
_d58237